L'Exposition : (Record no. 136988)

MARC details
000 -CABECERA
campo de control de longitud fija 01005nam a2200325 a 4500
001 - NÚMERO DE CONTROL
campo de control 991047830809706706
003 - IDENTIFICADOR DEL NÚMERO DE CONTROL
campo de control ES-BaIT
005 - FECHA Y HORA DE LA ÚLTIMA TRANSACCIÓN
campo de control 20260202125619.0
008 - DATOS DE LONGITUD FIJA--INFORMACIÓN GENERAL
campo de control de longitud fija 981203s1998 fr a || 000 ||fre|c
020 ## - NÚMERO INTERNACIONAL ESTÁNDAR DEL LIBRO
Número Internacional Estándar del Libro 2738465595
035 ## - NÚMERO DE CONTROL DEL SISTEMA
Número de control de sistema (ES-BaCBU).b22583129
035 ## - NÚMERO DE CONTROL DEL SISTEMA
Número de control de sistema (OCoLC)807219986
040 ## - FUENTE DE LA CATALOGACIÓN
Centro catalogador/agencia de origen ES-BaCBU
Lengua de catalogación cat
Centro/agencia transcriptor ES-BaCBU
080 ## - NÚMERO DE LA CLASIFICACIÓN DECIMAL UNIVERSAL
Número de la Clasificación Decimal Universal 069.53.01
080 ## - NÚMERO DE LA CLASIFICACIÓN DECIMAL UNIVERSAL
Número de la Clasificación Decimal Universal 7
100 1# - ENTRADA PRINCIPAL--NOMBRE DE PERSONA
Nombre de persona Guelton, Bernard
9 (RLIN) 168284
245 12 - MENCIÓN DE TÍTULO
Título L'Exposition :
Resto del título interprétation et réinterprétation /
Mención de responsabilidad, etc. Bernard Guelton
260 ## - PUBLICACIÓN, DISTRIBUCIÓN, ETC.
Lugar de publicación, distribución, etc. Paris :
Nombre del editor, distribuidor, etc. L'Harmattan,
Fecha de publicación, distribución, etc. cop. 1998
300 ## - DESCRIPCIÓN FÍSICA
Extensión 203 p. :
Otras características físicas il
504 ## - NOTA DE BIBLIOGRAFÍA, ETC.
Nota de bibliografía, etc. Bibliografia
650 00 - PUNTO DE ACCESO ADICIONAL DE MATERIA--TÉRMINO DE MATERIA
Término de materia o nombre geográfico como elemento de entrada Art
Subdivisión general Exposicions
9 (RLIN) 129201
650 07 - PUNTO DE ACCESO ADICIONAL DE MATERIA--TÉRMINO DE MATERIA
Término de materia o nombre geográfico como elemento de entrada Museologia
Fuente del encabezamiento o término lemac
9 (RLIN) 57331
650 07 - PUNTO DE ACCESO ADICIONAL DE MATERIA--TÉRMINO DE MATERIA
Término de materia o nombre geográfico como elemento de entrada Exposicions
9 (RLIN) 56872
655 #7 - TÉRMINO DE INDIZACIÓN--GÉNERO/FORMA
Datos o término principal de género/forma Catàlegs d'exposicions
Fuente del término thub
830 ## - PUNTO DE ACCESO ADICIONAL DE SERIE-TÍTULO UNIFORME
Título uniforme Collection L'ouverture philosophique
9 (RLIN) 168285
907 ## - ELEMENTOS DE DATOS G LOCAL, LDG (RLIN)
a .b22583129
b 16-06-21
c 07-05-08
d 03-12-98
e m
f a
g -
h fre
i fr
j 2
k 1
908 ## - COLOCAR PARÁMETRO DE COMANDO (RLIN)
Colocar parámetro de comando UAB
-- UB
-- MACBA
-- FMJC
-- MTà
-- CDMAE
940 ## - EQUIVALENCIA O REFERENCIA-CRUZADA--TÍTULO UNIFORME [OBSOLETO] [solamente CAN/MARC]
Título uniforme <a href="UB">UB</a>
942 ## - ELEMENTOS DE ENTRADA AGREGADA (KOHA)
Fuente del sistema de clasificación o colocación Clasificación decimal universal
Tipo de ítem Koha Llibre
Holdings
Estado de retiro Estado de pérdida Fuente del sistema de clasificación o colocación Estado dañado No para préstamo Localización permanente Ubicación/localización actual Ubicación en estantería Fecha de adquisición Fuente de adquisición Total de préstamos Signatura topográfica completa Código de barras Fecha visto por última vez Precio válido a partir de Tipo de ítem Koha
    Clasificación decimal universal     Biblioteca Barcelona Biblioteca Barcelona BCN Lliure Accés 02/02/2026 Compra   06 GUE 1900089683 02/02/2026 02/02/2026 Llibre

Powered by Koha